Visualizzazione normale
Vista MARC
- DIDATTICO
di Topical Term
Records bibliografici associati: 36
001 - CONTROL NUMBER
- control field: 37993
003 - CONTROL NUMBER IDENTIFIER
- control field: IT-RoPau
005 - DATE AND TIME OF LATEST TRANSACTION
- control field: 20151125210148.0
008 - FIXED-LENGTH DATA ELEMENTS
- fixed length control field: 151125|| aca||aabn | a|a d
040 ## - CATALOGING SOURCE
- Original cataloging agency: IT-RoPau
- Transcribing agency: IT-RoPau
150 ## - HEADING--TOPICAL TERM
- Topical term or geographic name entry element: DIDATTICO
- : PELLICOLE [16MM]
- General subdivision: Codice MATERIA SPICS: 9956
670 ## - SOURCE DATA FOUND
- Source citation: Work cat.: (IT-RoPau)104847: Monge Attilio Codice regista SPICS: 3643 37991, PAOLO IN CAMMINO PAOLO IN CAMMINO (Rif. Codice opera principale : V0518)